Statistiken für Lücken füllen - Buchtitel

Klicken Sie hier um das Quiz zu spielen!

Allgemein

  • Dieses Quiz wurde 178 mal gespielt
  • Das Durchschnittsergebnis liegt bei 14 aus 24

Antwortstatistiken

Buch% Korrekt
Die {drei} Musketiere
100%
Die kleine Raupe {Nimmersatt}
95%
Der {Glöckner} von Notre-Dame
93%
Mord im {Orient}-Express
93%
Die Reise zum {Mittelpunkt} der Erde
90%
Im {Westen} nichts Neues
88%
Robinson {Crusoe}
87%
{Friedhof} der Kuscheltiere
72%
{David} Copperfield
68%
{Don} Quijote
68%
{Stolz} und Vorurteil
64%
{Effi} Briest
56%
Der alte Mann und das {Meer}
52%
Das Bildnis des {Dorian} Gray
50%
Wir Kinder aus {Bullerbü}
50%
Der zerbrochne {Krug}
45%
Viel {Lärm} um nichts
42%
Der Fänger im {Roggen}
39%
Onkel Toms {Hütte}
39%
Die verlorene {Ehre} der Katharina Blum
32%
Mutter {Courage} und ihre Kinder
30%
{Buddenbrooks} - Verfall einer Familie
26%
{Veronika} beschließt zu sterben
7%
{Heidis} Lehr- und Wanderjahre
5%

Verteilung der Resultate

Perzentil nach korrekt beantworteten Fragen

Anzahl Personen mit jedem Resultat

Ihre Resultats-Entwicklung

Sie haben dieses Quiz noch nicht gespielt